[Event "Madrid Oliver Gonzalez Memorial 2nd"]
[Site "Madrid"]
[Date "2011.10.11"]
[Round "4"]
[White "Suarez Prieto, Leopoldo"]
[Black "Garcia Ines Sanchez, Gustavo"]
[Result "1-0"]
[WhiteElo "1724"]
[BlackElo "1633"]
[PlyCount "87"]
[EventDate "2011.10.08"]
[EventType "swiss"]
[EventRounds "9"]
[EventCountry "ESP"]
[SourceTitle "CBM 144 Extra"]
[Source "ChessBase"]
[SourceDate "2011.10.28"]
[SourceVersion "1"]
[SourceVersionDate "2011.10.28"]
[SourceQuality "1"]

1. e4 c5 2. Bc4 e6 3. Nc3 Nf6 4. a3 Be7 5. d3 0-0 6. Nce2 Nc6 7. Nf3 a6 8. Be3 b5 9. Ba2 Ng4 10. h4 Nxe3 11. fxe3 Bf6 12. c3 b4 13. Rc1 Bb7 14. Ng3 bxc3 15. bxc3 Qa5 16. Qc2 Qxa3 17. Nh5 Be5 18. Bb1 g6 19. Nxe5 Nxe5 20. Nf6+ Kg7 21. 0-0 h5 22. Qf2 Qa4 23. Nxh5+ gxh5 24. Qf6+ Kh7 25. Qxe5 f5 26. Rf3 Rg8 27. Rcf1 Raf8 28. Rf4 Qb5 29. c4 Qc6 30. d4 cxd4 31. Qxd4 Rg3 32. Qd1 Kh6 33. R1f3 Rfg8 34. Rxg3 Rxg3 35. Qe1 Rg4 36. Qc3 Qb6 37. Qh8+ Kg6 38. exf5+ Kf7 39. Qxh5+ Ke7 40. Qxg4 Qxb1+ 41. Rf1 Qe4 42. f6+ Kd6 43. Qxe4 Bxe4 44. f7 1-0

[Event "Madrid-ch Seniors"]
[Site "Madrid"]
[Date "2011.02.09"]
[Round "3"]
[White "Garcia Ines Sanchez, Gustavo"]
[Black "Fernandez Garcia, Ignacio"]
[Result "0-1"]
[WhiteElo "1611"]
[BlackElo "1931"]
[PlyCount "68"]
[EventDate "2011.02.07"]
[EventType "swiss"]
[EventRounds "9"]
[EventCountry "ESP"]
[SourceTitle "CBM 140 Extra"]
[Source "ChessBase"]
[SourceDate "2011.03.01"]
[SourceVersion "1"]
[SourceVersionDate "2011.03.01"]
[SourceQuality "1"]

1. e4 g6 2. Nf3 d6 3. Nc3 Nf6 4. d4 Bg7 5. Bg5 0-0 6. h3 c6 7. Qd2 Re8 8. 0-0-0 b5 9. Bh6 Bh8 10. e5 b4 11. exf6 bxc3 12. Qxc3 exf6 13. g4 Be6 14. Bc4 d5 15. Bd3 a5 16. g5 Na6 17. Bxa6 Rxa6 18. gxf6 Bxf6 19. Ne5 Qc7 20. f4 Rb6 21. a4 Reb8 22. b3 Bf5 23. Rhe1 Be4 24. Rg1 Qd6 25. Qc5 Qe6 26. Bg5 Bxg5 27. fxg5 Qxh3 28. Nd7 Qxd7 29. Rdf1 R6b7 30. Rf6 Qh3 31. Re1 Qh4 32. Rg1 Qh3 33. Rxc6 Qe3+ 34. Kb2 Qxg1 0-1

[Event "Madrid San Viator op 15th"]
[Site "Madrid"]
[Date "2010.11.14"]
[Round "8.11"]
[White "Garcia Ines Sanchez, Gustavo"]
[Black "Zhynguel Zhynguel, Alek"]
[Result "0-1"]
[WhiteElo "1685"]
[BlackElo "1680"]
[PlyCount "64"]
[EventDate "2010.09.26"]
[EventType "swiss"]
[EventRounds "9"]
[EventCountry "ESP"]
[SourceTitle "EXT 2024"]
[Source "ChessBase"]
[SourceDate "2023.10.10"]
[SourceVersion "1"]
[SourceVersionDate "2023.10.10"]
[SourceQuality "1"]

1. e4 e5 2. Nf3 Nc6 3. Bb5 Nd4 4. Nxd4 exd4 5. 0-0 Qg5 6. d3 Qxb5 7. f4 d6 8. f5 h6 9. Na3 Qc6 10. Nc4 Bd7 11. b4 Be7 12. a4 b6 13. b5 Qb7 14. g4 0-0-0 15. Bb2 Bf6 16. Rc1 Re8 17. Ba3 d5 18. Nd2 Bg5 19. c4 Be3+ 20. Kg2 dxe4 21. Nxe4 Bxc1 22. Qxc1 Nf6 23. c5 bxc5 24. Bxc5 Nxe4 25. dxe4 Qxe4+ 26. Kh3 Qd3+ 27. Kg2 Re2+ 28. Rf2 Rhe8 29. Qf4 Rxf2+ 30. Kxf2 Re2+ 31. Kg1 Qd1+ 32. Qf1 Re1 0-1

[Event "Madrid Oliver Gonzalez Memorial 1st"]
[Site "Madrid"]
[Date "2010.10.15"]
[Round "7"]
[White "Garcia Ines Sanchez, Gustavo"]
[Black "Nunez Alonso, Raul"]
[Result "0-1"]
[WhiteElo "1685"]
[BlackElo "1426"]
[PlyCount "86"]
[EventDate "2010.10.09"]
[EventType "swiss"]
[EventRounds "9"]
[EventCountry "ESP"]
[SourceTitle "CBM 138 Extra"]
[Source "ChessBase"]
[SourceDate "2010.10.29"]
[SourceVersion "1"]
[SourceVersionDate "2010.10.29"]
[SourceQuality "1"]

1. e4 c5 2. Nf3 d6 3. d4 cxd4 4. Nxd4 Nf6 5. Nc3 a6 6. Be3 e5 7. Nb3 Be6 8. f3 Be7 9. Na4 Nbd7 10. Nc3 0-0 11. Nd5 Nxd5 12. exd5 Bf5 13. Qd2 Qc7 14. Bd3 Bxd3 15. Qxd3 Rac8 16. c3 f5 17. h4 Qc4 18. Qxc4 Rxc4 19. Bf2 e4 20. Nd2 Rc7 21. fxe4 fxe4 22. Nxe4 Rc4 23. Bd4 Rf4 24. Nd2 Bxh4+ 25. Rxh4 Rxh4 26. Ke2 Rc8 27. Nf3 Re8+ 28. Kf2 Rhe4 29. Rh1 Re2+ 30. Kg3 Rxb2 31. Ng5 h6 32. Ne6 Ne5 33. Re1 Nf7 34. Bxg7 Ng5 35. Bxh6 Nxe6 36. dxe6 Rb6 37. Kf4 Kh7 38. Bg5 Kg6 39. e7 Rb5 40. g4 Rb2 41. Bh4 Rxa2 42. Re6+ Kf7 43. Kf5 Ra5+ 0-1

[Event "Madrid Oliver Gonzalez Memorial 1st"]
[Site "Madrid"]
[Date "2010.10.14"]
[Round "6"]
[White "Ojosnegros Martin, Angel"]
[Black "Garcia Ines Sanchez, Gustavo"]
[Result "1-0"]
[WhiteElo "1384"]
[BlackElo "1685"]
[PlyCount "67"]
[EventDate "2010.10.09"]
[EventType "swiss"]
[EventRounds "9"]
[EventCountry "ESP"]
[SourceTitle "CBM 138 Extra"]
[Source "ChessBase"]
[SourceDate "2010.10.29"]
[SourceVersion "1"]
[SourceVersionDate "2010.10.29"]
[SourceQuality "1"]

1. d4 Nf6 2. e3 g6 3. Nf3 Bg7 4. Bd3 d6 5. 0-0 0-0 6. Nbd2 Nc6 7. b3 Nb4 8. Be2 a5 9. Bb2 d5 10. a3 Nc6 11. Bd3 Re8 12. Bb5 Bd7 13. Rc1 Nb8 14. Bxd7 Nbxd7 15. c4 e6 16. Rc2 c6 17. Qe2 Nh5 18. Qd1 f5 19. cxd5 exd5 20. Bc3 f4 21. Re1 fxe3 22. Rxe3 Qc7 23. Nb1 Rxe3 24. fxe3 Ndf6 25. Ne5 Ne4 26. Bb2 Rf8 27. Nd2 Bh6 28. Ng4 Bg5 29. Nxe4 dxe4 30. d5 Qb6 31. Qd4 Qxd4 32. Bxd4 cxd5 33. h4 Bxh4 34. Nh6# 1-0

[Event "Madrid Villaverde op 13th"]
[Site "Madrid"]
[Date "2010.07.03"]
[Round "6"]
[White "Garcia Ines Sanchez, Gustavo"]
[Black "Lozano Sanchez, Jose Antonio"]
[Result "0-1"]
[WhiteElo "1704"]
[BlackElo "1917"]
[PlyCount "64"]
[EventDate "2010.06.28"]
[EventType "swiss"]
[EventRounds "9"]
[EventCountry "ESP"]
[SourceTitle "EXT 2011"]
[Source "ChessBase"]
[SourceDate "2010.11.26"]
[SourceVersion "1"]
[SourceVersionDate "2010.11.26"]
[SourceQuality "1"]

1. e4 e5 2. Nf3 Nc6 3. Bb5 d6 4. 0-0 a6 5. Bxc6+ bxc6 6. c3 f5 7. exf5 Bxf5 8. d4 e4 9. Re1 d5 10. Qa4 Qd6 11. Ne5 Bd7 12. Bf4 c5 13. Nxd7 Qxd7 14. Qxd7+ Kxd7 15. Nd2 Nf6 16. Rac1 c4 17. b3 Nh5 18. Be5 cxb3 19. axb3 Bd6 20. Bxd6 Kxd6 21. c4 Nf4 22. cxd5 Nd3 23. Nxe4+ Kxd5 24. Nc3+ Kc6 25. d5+ Kd7 26. Na4 Nxe1 27. Rxe1 Rhe8 28. Re3 Rxe3 29. fxe3 Kd6 30. e4 Rb8 31. b4 Rxb4 32. Nc3 Rc4 0-1

[Event "Madrid Villaverde op 13th"]
[Site "Madrid"]
[Date "2010.06.30"]
[Round "3"]
[White "Beltran de Heredia Eguiaz, Miguel Angel"]
[Black "Garcia Ines Sanchez, Gustavo"]
[Result "1-0"]
[WhiteElo "2078"]
[BlackElo "1704"]
[PlyCount "85"]
[EventDate "2010.06.28"]
[EventType "swiss"]
[EventRounds "9"]
[EventCountry "ESP"]
[SourceTitle "EXT 2011"]
[Source "ChessBase"]
[SourceDate "2010.11.26"]
[SourceVersion "1"]
[SourceVersionDate "2010.11.26"]
[SourceQuality "1"]

1. e4 c5 2. Nf3 d6 3. d4 cxd4 4. Nxd4 g6 5. Nc3 a6 6. g3 Bg7 7. Bg2 Nf6 8. 0-0 0-0 9. h3 Nc6 10. Nde2 Ne5 11. a4 Be6 12. b3 Rc8 13. Bg5 Qd7 14. Kh2 Nfg4+ 15. Kg1 Nf6 16. g4 Nfxg4 17. hxg4 Bxg4 18. f3 Bh3 19. Qd2 Bxg2 20. Kxg2 f5 21. Rad1 fxe4 22. Nxe4 Rf5 23. Nd4 Rf7 24. Bh6 Bh8 25. Ng5 Rf6 26. c4 Nf7 27. Nxf7 Rxf7 28. Qe3 Be5 29. Qe4 Rc5 30. Qg4 Qxg4+ 31. fxg4 Bf6 32. Nf3 Bc3 33. Rd5 Rxd5 34. cxd5 Be5 35. Rc1 Bg7 36. Rc8+ Rf8 37. Rxf8+ Kxf8 38. g5 Bxh6 39. gxh6 Kf7 40. Ng5+ Kf6 41. Nxh7+ Kf7 42. Ng5+ Kf6 43. Ne6 1-0

[Event "Madrid Villaverde op 12th"]
[Site "Madrid"]
[Date "2010.04.19"]
[Round "1"]
[White "Garcia Ines Sanchez, Gustavo"]
[Black "Lopez Heras, Arturo"]
[Result "0-1"]
[WhiteElo "1719"]
[BlackElo "2001"]
[PlyCount "32"]
[EventDate "2010.04.19"]
[EventType "swiss"]
[EventRounds "8"]
[EventCountry "ESP"]
[SourceTitle "CBM 136 Extra"]
[Source "ChessBase"]
[SourceDate "2010.07.02"]
[SourceVersion "2"]
[SourceVersionDate "2010.07.15"]
[SourceQuality "1"]

1. e4 e5 2. Nf3 Nc6 3. Bb5 f5 4. Nc3 fxe4 5. Nxe4 Nf6 6. Bxc6 dxc6 7. Nxf6+ Qxf6 8. 0-0 Bd6 9. d4 e4 10. Ng5 Bf5 11. Re1 0-0 12. Qe2 Rae8 13. g4 Bxg4 14. Qe3 h6 15. Nxe4 Rxe4 16. Qb3+ Be6 0-1

[Event "Madrid San Viator op 14th"]
[Site "Madrid"]
[Date "2010.04.11"]
[Round "2"]
[White "Garcia Alonso, David"]
[Black "Garcia Ines Sanchez, Gustavo"]
[Result "1-0"]
[WhiteElo "1471"]
[BlackElo "1719"]
[PlyCount "55"]
[EventDate "2010.03.28"]
[EventType "swiss"]
[EventRounds "9"]
[EventCountry "ESP"]
[SourceTitle "EXT 2011"]
[Source "ChessBase"]
[SourceDate "2010.11.26"]
[SourceVersion "1"]
[SourceVersionDate "2010.11.26"]
[SourceQuality "1"]

1. e4 c5 2. c3 d6 3. d4 cxd4 4. cxd4 Nc6 5. d5 Ne5 6. f4 Ng6 7. Bb5+ Bd7 8. Qa4 Bxb5 9. Qxb5+ Qd7 10. Qxd7+ Kxd7 11. Nf3 Nf6 12. Nc3 h5 13. e5 dxe5 14. f5 Nf4 15. Nxe5+ Ke8 16. Bxf4 Rd8 17. Rd1 g5 18. fxg6 fxg6 19. Nb5 Nxd5 20. Rxd5 Rc8 21. Nxg6 Rg8 22. Nxf8 Rxf8 23. Be3 Rc2 24. Rd2 Rc1+ 25. Rd1 Rc2 26. Rc1 Rxb2 27. Rc8+ Kf7 28. Rf1+ 1-0

[Event "Madrid op active"]
[Site "Madrid"]
[Date "2009.12.12"]
[Round "1"]
[White "Vazquez Igarza, Renier"]
[Black "Garcia Ines Sanchez, Gustavo"]
[Result "1-0"]
[WhiteElo "2570"]
[BlackElo "1793"]
[PlyCount "55"]
[EventDate "2009.12.12"]
[EventType "swiss (rapid)"]
[EventRounds "9"]
[EventCountry "ESP"]
[SourceTitle "CBM 133 Extra"]
[Source "ChessBase"]
[SourceDate "2010.01.05"]
[SourceVersion "1"]
[SourceVersionDate "2010.01.05"]
[SourceQuality "1"]

1. d4 Nf6 2. c4 d6 3. Nf3 g6 4. Nc3 Bg7 5. e4 Nbd7 6. Be2 0-0 7. 0-0 a6 8. Re1 Re8 9. Bf1 e5 10. d5 Nf8 11. b4 Nh5 12. Bg5 f6 13. Bd2 Bg4 14. h3 Bd7 15. c5 Qc8 16. Rc1 Bxh3 17. gxh3 Nf4 18. Bxf4 exf4 19. cxd6 Qd7 20. dxc7 Qxc7 21. Nb5 Qxc1 22. Qxc1 axb5 23. Bxb5 Rec8 24. Qxf4 Rxa2 25. d6 Rcc2 26. d7 Rxf2 27. Bc4+ Kh8 28. Bxa2 1-0

[Event "Galapagar op 10th"]
[Site "Galapagar"]
[Date "2009.07.18"]
[Round "1"]
[White "Perez Marco, Ricardo"]
[Black "Garcia Ines Sanchez, Gustavo"]
[Result "1-0"]
[WhiteElo "2183"]
[BlackElo "1793"]
[PlyCount "47"]
[EventDate "2009.07.18"]
[EventType "swiss"]
[EventRounds "9"]
[EventCountry "ESP"]
[SourceTitle "EXT 2010"]
[Source "ChessBase"]
[SourceDate "2010.11.25"]
[SourceVersion "1"]
[SourceVersionDate "2010.11.25"]
[SourceQuality "1"]

1. e4 c5 2. Nf3 d6 3. d4 cxd4 4. Nxd4 Nf6 5. Nc3 a6 6. f4 e6 7. Be2 Be7 8. a4 0-0 9. 0-0 Nc6 10. Be3 Qc7 11. Kh1 Bd7 12. Qe1 Rfe8 13. Rd1 Rac8 14. Qg3 Nxd4 15. Bxd4 Bc6 16. Bd3 d5 17. exd5 Nh5 18. Qh3 Bf6 19. Bxh7+ Kf8 20. Bc5+ Be7 21. Bxe7+ Qxe7 22. Qxh5 exd5 23. Bf5 Kg8 24. Qh7+ 1-0

[Event "Madrid Villaverde op 11th"]
[Site "Madrid"]
[Date "2009.06.29"]
[Round "1"]
[White "Garcia Ines Sanchez, Gustavo"]
[Black "Vazquez Gonzalez, Jesus"]
[Result "0-1"]
[WhiteElo "1791"]
[BlackElo "2047"]
[PlyCount "54"]
[EventDate "2009.06.29"]
[EventType "swiss"]
[EventRounds "9"]
[EventCountry "ESP"]
[SourceTitle "EXT 2010"]
[Source "ChessBase"]
[SourceDate "2010.11.25"]
[SourceVersion "1"]
[SourceVersionDate "2010.11.25"]
[SourceQuality "1"]

1. e4 g6 2. d4 c5 3. Nf3 Bg7 4. c3 cxd4 5. cxd4 d5 6. Nc3 dxe4 7. Nxe4 Bg4 8. d5 Qa5+ 9. Qd2 Qxd2+ 10. Bxd2 Bxf3 11. gxf3 Nd7 12. Bb5 Ngf6 13. Nxf6+ Bxf6 14. Bc3 Bxc3+ 15. bxc3 a6 16. Bxd7+ Kxd7 17. 0-0 Rhc8 18. Rab1 b5 19. Rb3 Rc5 20. Rd1 Kd6 21. a4 bxa4 22. Rb6+ Kc7 23. Rdb1 Rb5 24. R6xb5 axb5 25. Rxb5 a3 26. Rb1 a2 27. Ra1 Kd6 0-1

[Event "Madrid San Viator 11th"]
[Site "Madrid"]
[Date "2008.10.19"]
[Round "4.6"]
[White "Garcia Ines Sanchez, Gustavo"]
[Black "Montero Montero, Juan Jose"]
[Result "0-1"]
[WhiteElo "1845"]
[BlackElo "1705"]
[PlyCount "86"]
[EventDate "2008.09.28"]
[EventType "swiss"]
[EventRounds "9"]
[EventCountry "ESP"]
[SourceTitle "EXT 2024"]
[Source "ChessBase"]
[SourceDate "2023.10.10"]
[SourceVersion "1"]
[SourceVersionDate "2023.10.10"]
[SourceQuality "1"]

1. e4 c6 2. Nf3 d5 3. Nc3 dxe4 4. Nxe4 Bf5 5. Qe2 e6 6. b3 Nf6 7. Nxf6+ Qxf6 8. d4 Bb4+ 9. Bd2 Bxd2+ 10. Qxd2 Nd7 11. Be2 0-0 12. 0-0 Rad8 13. Rac1 Rfe8 14. c4 c5 15. Qc3 cxd4 16. Qxd4 Qxd4 17. Nxd4 Nc5 18. Nxf5 exf5 19. Bf3 b6 20. Bd5 Re2 21. Rcd1 Kf8 22. b4 Ne4 23. f3 Nc3 24. Rde1 Rxa2 25. Ra1 Rxa1 26. Rxa1 Nxd5 27. cxd5 Rxd5 28. Rxa7 Rd4 29. b5 Rd5 30. Kf2 h6 31. Ke3 Rxb5 32. g3 g5 33. Kd4 Kg7 34. h4 Rb3 35. hxg5 hxg5 36. Ra6 Rxf3 37. Rxb6 Rxg3 38. Ke5 f4 39. Rb2 f3 40. Ke4 Rg2 41. Rb1 g4 42. Kf4 f2 43. Rf1 g3 0-1